000 00309nam a2200145Ia 4500
100 _aRumelt/Richard
942 _cBK
366 _f20
245 _aGood strategy and bad strategy
260 _bProfile Books
_c2011
082 _a808.83
_bRUM
300 _a322
546 _aENGLISH
_cComputers
999 _c33556
_d33556